00840nam a22001815i 4500001000700000003000900007005001700016008004100033040002500074100004900099245009200148250006000240260003400300300006500334650003000399752002400429852020500453164332ES-MaACL20250814031829.0990701s1793 fr |||| | fre d aCN bspa cCCPB | 3D1 aBernardin de Saint-Pierre, Henri,d1737-181410aEtudes de la nature / cpar Jacques Bernardin Henri de Saint-Pierre ... ; tome premier. aTroisième édition revue, corrigée et augmentée. aA París : b[s.n.], c1793. aLVI, 288, [2] p., [1] h. grab., [1] h. grab. pleg. ; c12º. 7aCiencias naturales2embne aFrancia - dParís aES-MaACL jR-611-20 z-- Enc. hol. x-- Edic.: la h. de grab.: "Marchand, F.", alegórica y la h. de grab.pleg. calc., representación del globo terráqueo x Olim: D- 4810-19